Statystyki dla Państwa graniczące z Uzbekistanem

Kliknij tutaj aby rozwiązać quiz!

Ogólne statystyki

  • Ten quiz został rozwiązany 95 razy
    (93 od ostatniego zresetowania)
  • Średni wynik to 6 z 6

Statystyki odpowiedzi

Państwo% Poprawnych
Kazachstan
98%
Kazachstan
98%
Tadżykistan
97%
Turkmenistan
97%
Kirgistan
96%
Afganistan
88%

Rozkład punktacji

Percentyl według liczby udzielonych odpowiedzi

Procent ludzi z każdym wynikiem

Twoja historia wyników

Nie rozwiązałeś tego quizu od ostatniego zresetowania